[Event "FIDE WCh KO"]
[Site "Tripoli LBA"]
[Date "2004.06.28"]
[Round "5.1"]
[White "Topalov, Veselin"]
[Black "Kharlov, Andrei"]
[Result "1-0"]
[WhiteElo "2737"]
[BlackElo "2593"]
[EventDate "2004.06.19"]

1.d4 d5 2.c4 dxc4 3.e4 e5 4.Cf3 Fb4+ 5.Cc3 exd4 6.Cxd4 Ce7 7.Fxc4 Cbc6 8.
Fe3 Cxd4 9.Dxd4 Dxd4 10.Fxd4 O-O 11.a3 Fxc3+ 12.Fxc3 Fe6 13.Fe2 Fb3 14.h4 
Tfe8 15.Th3 Cg6 16.Fd2 Fa4 17.h5 Cf8 18.b3 Fc6 19.f3 Ce6 20.Tg3 f5 21.Fc3 
fxe4 22.fxe4 Tad8 23.Fc4 Fxe4 24.Fxg7 Rf7 25.Fc3 Fd5 26.Rf2 Tg8 27.Txg8 
Rxg8 28.Td1 Fxc4 29.Txd8+ Cxd8 30.bxc4 a6 31.Re3 Rf7 32.g4 Ce6 33.Re4 Cc5+
34.Rd5 Cd7 35.g5 Cb6+ 36.Rd4 Ca4 37.Fa1 Cb6 38.c5 Cc8 39.Re4 c6 40.Ff6 b5 
41.Fd8 Re6 42.h6 Rf7 43.Rf5 a5 44.Fxa5 1-0

[Event "FIDE WCh KO"]
[Site "Tripoli LBA"]
[Date "2004.06.29"]
[Round "5.2"]
[White "Kharlov, Andrei"]
[Black "Topalov, Veselin"]
[Result "0-1"]
[WhiteElo "2593"]
[BlackElo "2737"]
[EventDate "2004.06.19"]

1.e4 e5 2.Fc4 Cf6 3.d3 c6 4.Cf3 Fe7 5.O-O d6 6.a4 O-O 7.Te1 Cbd7 8.Cc3 Cc5
9.d4 exd4 10.Cxd4 a5 11.Ff4 Cg4 12.Fe2 Cf6 13.Ff3 Te8 14.Dd2 g6 15.h3 Cfd7
16.Tad1 Ff8 17.g4 Db6 18.Fg2 Ce5 19.b3 Db4 20.Cde2 f6 21.Fe3 h5 22.f4 Cxg4
23.hxg4 Fxg4 24.Dc1 f5 25.Td4 Db6 26.Dd2 Dc7 27.Ff2 Te6 28.Tc4 Tae8 29.Cd4
Txe4 30.Cxe4 Cxe4 31.Fxe4 fxe4 32.Tc3 d5 33.Tg3 Fd6 34.Fe3 Dd7 35.c3 Tf8 
36.Tf1 b6 37.Tf2 c5 38.Cb5 Fb8 39.Tfg2 g5 40.Tf2 Rg7 41.Dc1 Rg6 42.Df1 Tf5
43.Tgg2 Df7 44.fxg5 Ff3 45.Th2 Fxh2+ 46.Txh2 Tf4 47.Fxf4 Dxf4 48.Tg2 h4 
49.De1 e3 50.Th2 Dxg5+ 51.Rf1 h3 52.Db1+ Fe4 53.Db2 Fd3+ 0-1

[Event "FIDE WCh KO"]
[Site "Tripoli LBA"]
[Date "2004.07.01"]
[Round "6.1"]
[White "Kasimdzhanov, Rustam"]
[Black "Topalov, Veselin"]
[Result "1/2-1/2"]
[WhiteElo "2652"]
[BlackElo "2737"]
[EventDate "2004.06.19"]

1.Cf3 d5 2.d4 Cf6 3.c4 e6 4.Cc3 dxc4 5.e3 a6 6.a4 c5 7.Fxc4 Cc6 8.O-O Fe7 
9.De2 cxd4 10.Td1 e5 11.exd4 exd4 12.Cxd4 Cxd4 13.De5 Dd6 14.Dxd6 Fxd6 15.
Txd4 Fc5 1/2-1/2

[Event "FIDE WCh KO"]
[Site "Tripoli LBA"]
[Date "2004.07.02"]
[Round "6.2"]
[White "Topalov, Veselin"]
[Black "Kasimdzhanov, Rustam"]
[Result "1/2-1/2"]
[WhiteElo "2737"]
[BlackElo "2652"]
[EventDate "2004.06.19"]

1.e4 c5 2.Cf3 e6 3.d4 cxd4 4.Cxd4 a6 5.c4 Cf6 6.Cc3 Dc7 7.a3 b6 8.Fe3 Fb7 
9.f3 d6 10.Fe2 Fe7 11.O-O O-O 12.Dd2 Cbd7 13.Tac1 Tac8 14.Tfd1 Db8 15.Ff1 
Tfe8 16.Rh1 Fd8 17.Fg1 h5 18.Df2 Ce5 19.b3 Cg6 20.b4 h4 21.Cb3 h3 22.g3 
Ce5 23.Td4 Cc6 24.Tdd1 Ce5 25.Td4 Cc6 1/2-1/2

[Event "FIDE WCh KO"]
[Site "Tripoli LBA"]
[Date "2004.07.03"]
[Round "6.3"]
[White "Kasimdzhanov, Rustam"]
[Black "Topalov, Veselin"]
[Result "1/2-1/2"]
[WhiteElo "2652"]
[BlackElo "2737"]
[EventDate "2004.06.19"]

1.e4 c5 2.Cf3 d6 3.Fb5+ Fd7 4.Fxd7+ Dxd7 5.O-O Cf6 6.De2 Cc6 7.c3 e6 8.d4 
cxd4 9.cxd4 d5 10.e5 Cg8 11.Td1 Cge7 12.Cc3 Cc8 13.Fe3 Cb6 14.b3 Tc8 15.
Db2 Fe7 16.Ce2 O-O 17.Cf4 Tc7 18.De2 Tfc8 19.Ce1 Dd8 20.Dg4 Cd7 21.Ced3 
Cf8 22.g3 Fa3 23.Ch5 Cg6 24.h4 Df8 25.Fg5 h6 26.Fe3 Rh8 27.Dh3 Cb4 28.Cxb4
Fxb4 29.Td3 Tc2 30.a4 T8c3 31.Tad1 Txd3 32.Txd3 Ce7 33.g4 Fa3 34.Rg2 Cc6 
35.Df3 Fe7 36.g5 g6 37.Cf6 h5 38.Fd2 Fxf6 39.gxf6 Cb4 40.Dd1 Tc8 41.Tg3 
Cc6 42.Fe3 b6 43.Tg5 Dg8 44.Dd2 Tc7 45.Tg3 Rh7 46.Tg5 Rh8 47.Rh2 Tc8 48.
Tg1 Rh7 49.Tg5 Rh8 50.Tg1 Rh7 51.Rh3 a5 52.Tc1 g5 53.Dc2+ Dg6 54.Dxg6+ 
Rxg6 55.Fxg5 Rf5 56.Fe3 Re4 57.Rh2 Tc7 58.Rg3 Tc8 59.Rh2 Tc7 60.Rg2 Tc8 
61.Rh3 Tc7 62.Rg2 Tc8 63.Rh2 1/2-1/2

[Event "FIDE WCh KO"]
[Site "Tripoli LBA"]
[Date "2004.07.04"]
[Round "6.4"]
[White "Topalov, Veselin"]
[Black "Kasimdzhanov, Rustam"]
[Result "1/2-1/2"]
[WhiteElo "2737"]
[BlackElo "2652"]
[EventDate "2004.06.19"]

1.d4 Cf6 2.c4 e6 3.Cf3 Fb4+ 4.Cbd2 O-O 5.a3 Fxd2+ 6.Fxd2 Ce4 7.e3 b6 8.Fd3
Fb7 9.O-O Cxd2 10.Cxd2 f5 11.De2 Cc6 12.Tac1 Df6 13.c5 Tae8 14.b4 Rh8 15.
f4 g5 16.b5 Ca5 17.fxg5 Dxg5 18.Cf3 Dg7 19.cxb6 cxb6 20.Tc7 Tc8 21.Tfc1 
Txc7 22.Txc7 Tc8 23.Txc8+ Fxc8 24.e4 Fb7 25.h3 d6 26.Dc2 Df6 27.Rf2 fxe4 
28.Fxe4 Fxe4 29.Dxe4 Rg7 30.Dc2 Df7 31.Re2 h6 32.a4 Db7 33.g4 Df7 34.Dc3 
Rh7 35.h4 Rg7 36.h5 Rg8 37.Dc1 e5 38.Dxh6 e4 39.Cg5 Da2+ 40.Re3 Cc4+ 41.
Rxe4 Dg2+ 42.Rf4 Df2+ 43.Re4 Dg2+ 44.Rf4 Df2+ 45.Re4 1/2-1/2

[Event "FIDE WCh KO"]
[Site "Tripoli LBA"]
[Date "2004.07.05"]
[Round "6.5"]
[White "Topalov, Veselin"]
[Black "Kasimdzhanov, Rustam"]
[Result "0-1"]
[WhiteElo "2737"]
[BlackElo "2652"]
[EventDate "2004.06.19"]

1.d4 Cf6 2.c4 e6 3.Cf3 b6 4.g3 Fb7 5.Fg2 Fe7 6.Cc3 O-O 7.d5 Fb4 8.O-O Ca6 
9.Cd4 Fxc3 10.bxc3 Cc5 11.Cb3 Cce4 12.f3 Cxc3 13.Dc2 Ca4 14.e4 d6 15.Cd4 
Cc5 16.Fb2 Dd7 17.Fh3 Tfe8 18.a4 a5 19.Tfe1 De7 20.e5 dxe5 21.Txe5 Ccd7 
22.Te3 Dc5 23.Tae1 e5 24.Cb3 Dd6 25.Fxd7 Cxd7 26.f4 f6 27.Cd2 Df8 28.fxe5 
Cxe5 29.Fxe5 Txe5 30.Txe5 fxe5 31.Txe5 Dc5+ 32.Rg2 Tf8 33.Cf3 h6 34.Dd3 
Fa6 35.Te4 Db4 36.Ce5 Dxa4 37.h4 Da2+ 38.Te2 Da1 39.Rh2 Df1 40.De3 Fc8 41.
g4 Te8 42.Rg3 h5 43.Te1 Df6 44.gxh5 Df5 45.Rh2 Dxh5 46.Dg3 a4 47.Cg4 Fxg4 
48.Txe8+ Dxe8 49.Dxg4 De5+ 50.Rg2 a3 51.Dc8+ Rh7 52.Da6 Db2+ 53.Rf3 a2 0-1

[Event "FIDE WCh KO"]
[Site "Tripoli LBA"]
[Date "2004.07.05"]
[Round "6.6"]
[White "Kasimdzhanov, Rustam"]
[Black "Topalov, Veselin"]
[Result "1-0"]
[WhiteElo "2652"]
[BlackElo "2737"]
[EventDate "2004.06.19"]

1.e4 c5 2.Cf3 e6 3.b3 b6 4.d4 cxd4 5.Cxd4 Fb7 6.Fd3 Fc5 7.Fe3 Df6 8.c3 Cc6
9.Fc2 Cxd4 10.cxd4 Fb4+ 11.Rf1 Tc8 12.a3 Fe7 13.h4 e5 14.dxe5 Dxe5 15.Fd4 
Dc7 16.Cc3 Cf6 17.Th3 O-O 18.e5 Cd5 19.Dg4 g6 20.h5 f5 21.Fxf5 Cf4 22.Tg3 
Txf5 23.hxg6 h5 24.Dxf5 Tf8 25.Dc2 Fa6+ 26.Re1 h4 27.g7 Tc8 28.De4 hxg3 
29.Dxf4 Dc6 30.Dxg3 Dh6 31.Dh3 Dg6 32.Dxd7 Txc3 33.Dd5+ Rxg7 34.Fxc3 Dc2 
35.Dd2 Dh7 36.e6+ Rg8 37.De3 Dh1+ 38.Rd2 Dh4 39.Dg3+ Fg5+ 40.Rd1 Dh5+ 41.
f3 Dg6 42.Db8+ 1-0

[Event "Aiacciu Masters"]
[Site "Ajaccio FRA"]
[Date "2004.10.25"]
[Round "2.1"]
[White "Topalov, Veselin"]
[Black "Sulava, Nenad"]
[Result "1/2-1/2"]
[WhiteElo "2757"]
[BlackElo "2477"]
[EventDate "2004.10.25"]

1.Cf3 d5 2.c4 dxc4 3.Ca3 a6 4.Cxc4 b5 5.Ce3 Fb7 6.g3 Cd7 7.Fg2 c5 8.d4 
cxd4 9.Cxd4 Fxg2 10.Cxg2 e5 11.Cb3 Fb4+ 12.Fd2 Fxd2+ 13.Dxd2 Cgf6 14.O-O 
O-O 15.Tfd1 De7 16.Dd6 Dxd6 17.Txd6 a5 18.Ce3 a4 19.Cd2 Tfc8 20.Cf3 Tc7 
21.Tad1 Tac8 22.Rg2 Rf8 23.g4 h6 24.h4 Re8 25.a3 Tc6 26.T6d2 T8c7 27.Cf5 
g6 28.Cd6+ Re7 29.Cxb5 Tb7 30.Cc3 Cxg4 31.Cd5+ Re8 32.Rg3 f5 33.Cb4 Tc4 
34.Td6 Cgf6 35.Rg2 Tg4+ 36.Rf1 e4 37.Ce5 Txh4 38.Cxg6 Th1+ 39.Rg2 Txd1 40.
Txd1 Rf7 41.Cf4 Ce5 42.Td6 Cc4 43.Tc6 Cxb2 44.Ce6 Td7 45.Cf4 Td1 46.Tc7+ 
Td7 47.Tc2 Cd1 48.e3 Cg4 49.Cfd5 Re6 50.Tc6+ Re5 51.Cf4 Cdxe3+ 52.fxe3 
Cxe3+ 53.Rg3 Cf1+ 54.Rf2 Rxf4 55.Rxf1 e3 56.Txh6 Re4 57.Te6+ Rf3 58.Re1 
Th7 59.Rd1 Th1+ 60.Rc2 f4 61.Cd3 Ta1 62.Rb2 Td1 63.Rc3 Ta1 64.Rb4 Td1 65.
Rc3 Ta1 66.Rb2 Td1 67.Rc2 Ta1 68.Tf6 Txa3 69.Txf4+ Re2 70.Cc1+ Re1 71.Rb2 
Tb3+ 72.Cxb3 axb3 73.Rxb3 e2 74.Te4 Rd2 75.Txe2+ Rxe2 1/2-1/2

[Event "Aiacciu Masters"]
[Site "Ajaccio FRA"]
[Date "2004.10.25"]
[Round "3.1"]
[White "Topalov, Veselin"]
[Black "Malakhatko, Vadim"]
[Result "1/2-1/2"]
[WhiteElo "2757"]
[BlackElo "2571"]
[EventDate "2004.10.25"]

1.b4 d5 2.a4 c5 3.f4 b5 4.e4 dxe4 5.d4 Cf6 6.Cf3 e6 7.Cc3 g6 8.d5 Fg7 9.
Cd2 O-O 10.Fe2 Te8 11.O-O Cfd7 12.Cc4 Ce5 13.Ce3 f5 14.Cxf5 exf5 15.Rh1 
Df6 16.Fh5 Cf7 17.Cxb5 Te7 18.Ta3 a6 19.h3 Ch6 20.Tb3 Cg4 21.Fd2 Te8 22.
Db1 Ch2 23.Rxh2 gxh5 24.Rh1 a5 25.bxa5 De7 26.a6 h4 27.Rh2 Fxa6 1/2-1/2

[Event "Aiacciu Masters"]
[Site "Ajaccio FRA"]
[Date "2004.10.26"]
[Round "4.1"]
[White "Topalov, Veselin"]
[Black "Najer, Evgeniy"]
[Result "1-0"]
[WhiteElo "2757"]
[BlackElo "2624"]
[EventDate "2004.10.25"]

1.d4 d5 2.c4 c6 3.Cf3 Cf6 4.Cc3 a6 5.c5 Cbd7 6.Ff4 Ch5 7.Fd2 Chf6 8.Dc2 g6
9.h3 Dc7 10.e4 Cxe4 11.Cxe4 dxe4 12.Dxe4 Cf6 13.De5 Dxe5+ 14.dxe5 Cd5 15.
Fc4 Fe6 16.Cd4 Fg7 17.Cxe6 fxe6 18.f4 O-O 19.Fxd5 exd5 20.h4 h5 21.Re2 Fh6
22.Taf1 Tf5 23.Tf3 Rf7 24.Thf1 Td8 25.Tb3 Td7 26.Tb4 e6 27.Tf3 Ff8 28.Tfb3
b5 29.cxb6 Fxb4 30.Txb4 Tb7 31.a4 c5 32.Tb3 Re7 33.a5 Tf8 34.Tc3 c4 35.Tg3
Rf7 36.Re3 Tc8 37.Rd4 c3 38.Txc3 Txc3 39.Fxc3 Re8 40.b4 Tf7 41.g3 Rd7 42.
b5 axb5 43.Rc5 g5 44.a6 gxf4 45.a7 Tf8 46.b7 1-0

[Event "Aiacciu Masters"]
[Site "Ajaccio FRA"]
[Date "2004.10.26"]
[Round "4.2"]
[White "Najer, Evgeniy"]
[Black "Topalov, Veselin"]
[Result "0-1"]
[WhiteElo "2624"]
[BlackElo "2757"]
[EventDate "2004.10.25"]

1.e4 e5 2.Fc4 Cf6 3.d3 Fc5 4.Cf3 d6 5.c3 Cc6 6.Fb3 a6 7.Cbd2 O-O 8.Cf1 d5 
9.exd5 Cxd5 10.Cg3 h6 11.O-O Te8 12.Te1 Cf6 13.Fe3 Fxe3 14.fxe3 Ca5 15.Fc2
c5 16.De2 Db6 17.Fa4 Te7 18.Tf1 e4 19.dxe4 Cxe4 20.Cxe4 Txe4 21.Fc2 Te7 
22.Tad1 Fe6 23.b3 Td8 24.Df2 Cc6 25.Dh4 Ted7 26.Txd7 Txd7 27.De4 g6 28.Df4
Rh7 29.h4 Dc7 30.Df6 Td6 31.Df4 Td7 32.Df6 Td6 33.Df4 Td7 34.Dxc7 Txc7 35.
Cd2 Rg7 36.Rf2 Td7 37.Ce4 b6 38.Re2 Ce5 39.Cf2 a5 40.Te1 h5 41.Tb1 Td8 42.
Fe4 b5 43.Fc2 b4 44.c4 a4 45.Tc1 Rf8 46.Ce4 Tc8 47.Cd6 Tc6 48.Cb5 Re7 49.
Fe4 Ta6 50.Cc7 Ta7 51.Cb5 Ta5 52.Tc2 axb3 53.axb3 Ta1 54.Tb2 Fg4+ 55.Rf2 
Fe6 56.Re2 f6 57.Rf2 g5 58.hxg5 fxg5 59.Cc7 h4 60.Fd5 Cd3+ 61.Re2 Cxb2 62.
Cxe6 Ta2 63.Rf3 Cd3 64.Cxg5 Tb2 0-1

[Event "Aiacciu Masters"]
[Site "Ajaccio FRA"]
[Date "2004.10.26"]
[Round "5.1"]
[White "Topalov, Veselin"]
[Black "Rublevsky, Sergei"]
[Result "1/2-1/2"]
[WhiteElo "2757"]
[BlackElo "2649"]
[EventDate "2004.10.25"]

1.e4 c5 2.Cf3 e6 3.d4 cxd4 4.Cxd4 Cc6 5.Cc3 a6 6.Cxc6 bxc6 7.Fd3 d5 8.O-O 
Dc7 9.De2 Cf6 10.Fd2 Fe7 11.Tae1 O-O 12.Rh1 Fb7 13.f4 Cd7 14.Ca4 Tfe8 15.
b3 c5 16.c4 d4 17.e5 Ff8 18.Fe4 a5 19.Df3 Fxe4 20.Txe4 Cb6 21.Tb1 Dc6 22.
Te3 Dxf3 23.Txf3 Teb8 24.Tff1 Ta7 25.Cxb6 Txb6 26.a4 h5 27.g3 g6 28.Rg2 
Fe7 29.Tf3 Rg7 30.h3 Tb8 31.g4 hxg4 32.hxg4 Th8 33.Th1 Txh1 34.Rxh1 Fd8 
35.Rg2 Fc7 36.g5 1/2-1/2

[Event "Aiacciu Masters"]
[Site "Ajaccio FRA"]
[Date "2004.10.26"]
[Round "5.2"]
[White "Rublevsky, Sergei"]
[Black "Topalov, Veselin"]
[Result "0-1"]
[WhiteElo "2649"]
[BlackElo "2757"]
[EventDate "2004.10.25"]

1.e4 c5 2.Cf3 e6 3.c3 Cf6 4.e5 Cd5 5.Fc4 b6 6.Fxd5 exd5 7.O-O Fa6 8.d3 Fe7
9.Te1 O-O 10.d4 d6 11.exd6 Fxd6 12.Fg5 Dd7 13.Cbd2 Cc6 14.Da4 Fd3 15.dxc5 
bxc5 16.Cb3 Tab8 17.Tad1 Fb5 18.Dh4 Tfe8 19.Fe3 c4 20.Cbd4 Fa4 21.Td2 f6 
22.Dh5 Ce5 23.Cxe5 fxe5 24.Cf3 Fc6 25.Ted1 a6 26.h3 Df7 27.Dg4 De6 28.Dh5 
h6 29.Te1 Df6 30.Ch2 Tf8 31.Cg4 Df7 32.Dh4 Dg6 33.Tde2 h5 34.Ch2 d4 35.Dg5
Tf6 36.Fc1 d3 37.Dxg6 Txg6 38.Te4 d2 39.Fxd2 Txb2 40.Cf3 Txa2 41.Fg5 Fc5 
42.Txe5 Fxf2+ 43.Rf1 Fxf3 44.gxf3 Fxe1 45.Rxe1 Rf7 46.Rf1 Td6 0-1

[Event "Aiacciu Masters"]
[Site "Ajaccio FRA"]
[Date "2004.10.26"]
[Round "6.1"]
[White "Topalov, Veselin"]
[Black "Milov, Vadim"]
[Result "1/2-1/2"]
[WhiteElo "2757"]
[BlackElo "2683"]
[EventDate "2004.10.25"]

1.e4 e6 2.d4 d5 3.Cc3 dxe4 4.Cxe4 Cd7 5.Cf3 Cgf6 6.Fg5 h6 7.Cxf6+ Cxf6 8.
Fh4 c5 9.Ce5 Da5+ 10.c3 cxd4 11.Dxd4 Fc5 12.Cc4 Fxd4 13.Cxa5 Fb6 14.Cc4 
Fc7 15.Fe2 Fd7 16.Fg3 Fxg3 17.hxg3 Re7 18.Ff3 Tac8 19.Ce5 Tc7 20.O-O-O Td8
21.Th4 Fe8 22.Txd8 Rxd8 23.Tb4 b6 24.Rc2 Re7 25.Td4 Ch7 26.Fe4 Cg5 27.Fd3 
f6 28.Cg6+ Fxg6 29.Fxg6 f5 30.f3 Tc8 31.f4 Ce4 32.g4 Cd6 33.gxf5 exf5 34.
a4 Re6 35.Fh5 g5 36.Ff3 gxf4 37.Txf4 Rf6 38.Td4 Re5 39.Th4 Th8 40.Rd3 Td8 
41.Td4 Cf7 42.Txd8 Cxd8 43.b4 Cf7 44.c4 Cg5 45.Fb7 Ce6 46.Re3 h5 47.g3 f4+
48.gxf4+ Cxf4 49.a5 bxa5 50.bxa5 Ce6 51.Ff3 h4 52.Fg4 Cc5 53.Fh3 Cb3 54.a6
Cc5 55.Fc8 Rd6 56.Rf4 Rc7 57.Ff5 Cxa6 58.Rg4 Rd6 59.Rxh4 Re5 60.Fc2 Rf4 
61.Fa4 Cc5 62.Fb5 a5 63.Fe8 Re4 1/2-1/2

[Event "Aiacciu Masters"]
[Site "Ajaccio FRA"]
[Date "2004.10.26"]
[Round "6.1"]
[White "Milov, Vadim"]
[Black "Topalov, Veselin"]
[Result "0-1"]
[WhiteElo "2683"]
[BlackElo "2757"]
[EventDate "2004.10.25"]

1.d4 Cf6 2.c4 e6 3.Cc3 Fb4 4.e3 O-O 5.Ce2 d5 6.a3 Fd6 7.c5 Fe7 8.b4 b6 9.
Cf4 c6 10.Fe2 Cbd7 11.Fb2 bxc5 12.bxc5 Dc7 13.O-O Tb8 14.Tb1 e5 15.Cd3 
exd4 16.exd4 a5 17.Dc2 Te8 18.Fc1 Txb1 19.Cxb1 Fa6 20.Cc3 Cf8 21.Fe3 C6d7 
22.Dd2 Ff6 23.Cf4 Fxe2 24.Ccxe2 g6 25.Tb1 h5 26.h3 Fg7 27.Dd3 Ta8 28.Cc3 
Ch7 29.Cfe2 Chf8 30.Ff4 Da7 31.Ca4 Ce6 32.Fd6 Te8 33.Cac3 h4 34.Tb3 Ff6 
35.Tb1 Cg7 36.Ff4 Cf5 37.Rf1 Rg7 38.Fh2 Tc8 39.Ff4 Cf8 40.Ca4 Ce6 41.Fe3 
Te8 42.Rg1 Cg5 43.Ff4 De7 44.Cac3 Ce4 45.Cxe4 Dxe4 46.Dxe4 Txe4 47.Rf1 
Cxd4 48.Cxd4 Txd4 49.Fe3 Tc4 50.Re2 d4 51.Fd2 Txc5 52.Rd3 Fg5 53.Fe1 Ff6 
54.Tb6 Tc1 55.Fxa5 c5 56.Tc6 Tg1 57.Txc5 Txg2 58.Tc2 Th2 59.a4 Txh3+ 60.
Rc4 Ta3 61.Rb5 h3 62.Fc7 Tc3 63.Txc3 dxc3 64.a5 0-1

[Event "Corsica Masters KO"]
[Site "Bastia FRA"]
[Date "2004.11.02"]
[Round "1.1"]
[White "Bagheri, Amir"]
[Black "Topalov, Veselin"]
[Result "0-1"]
[WhiteElo "2496"]
[BlackElo "2757"]
[EventDate "2004.11.02"]

1.d4 e6 2.Cf3 c5 3.c3 Cf6 4.Ff4 b6 5.e3 Fb7 6.h3 Fe7 7.Cbd2 cxd4 8.cxd4 
O-O 9.a3 d6 10.Fe2 a6 11.O-O Cbd7 12.Tc1 b5 13.b4 Cb6 14.Cb3 Dd7 15.Ca5 
Fd5 16.Cd2 Tac8 17.Fd3 Txc1 18.Dxc1 Tc8 19.Da1 Fc4 20.Caxc4 bxc4 21.Fe2 d5
22.Tc1 Ta8 23.Tb1 h6 24.Fd1 Ce8 25.a4 Fd6 26.a5 Cc8 27.Fa4 Dd8 28.Fc6 Ta7 
29.b5 axb5 30.Txb5 Fxf4 31.exf4 Ced6 32.Tc5 Ce7 33.Da4 Ta6 34.Fd7 Cb7 0-1

[Event "Corsica Masters KO"]
[Site "Bastia FRA"]
[Date "2004.11.02"]
[Round "1.2"]
[White "Topalov, Veselin"]
[Black "Bagheri, Amir"]
[Result "1-0"]
[WhiteElo "2757"]
[BlackElo "2496"]
[EventDate "2004.11.02"]

1.Cf3 Cf6 2.c4 e6 3.d4 Fb4+ 4.Cbd2 b6 5.a3 Fxd2+ 6.Dxd2 Fb7 7.e3 d6 8.Fe2 
Cbd7 9.b4 a5 10.Fb2 O-O 11.O-O De7 12.Tfd1 Ce4 13.Dc2 f5 14.d5 e5 15.Cd2 
Cdf6 16.f3 Cg5 17.Fc3 a4 18.Tf1 b5 19.e4 bxc4 20.Fxc4 f4 21.b5 Ch5 22.Rf2 
Tf6 23.Re2 Tg6 24.Tf2 Cf7 25.Rd3 Cf6 26.Fb4 Cd7 27.Rc3 Cb6 28.Tc1 Dh4 29.
Cf1 Tc8 30.g3 fxg3 31.hxg3 Txg3 32.Cxg3 Dxg3 33.Fa2 Cg5 34.Tcf1 Tf8 35.Rb2
Txf3 36.Txf3 Cxf3 37.Tc1 Ca8 38.b6 Cd4 39.Dxa4 Df2+ 40.Rb1 Cxb6 41.De8+ 
Df8 42.Dxf8+ Rxf8 43.Txc7 Fa6 44.Fxd6+ Rg8 45.Fxe5 1-0

[Event "Corsica Masters KO"]
[Site "Bastia FRA"]
[Date "2004.11.02"]
[Round "2.1"]
[White "Rublevsky, Sergei"]
[Black "Topalov, Veselin"]
[Result "1-0"]
[WhiteElo "2649"]
[BlackElo "2757"]
[EventDate "2004.11.02"]

1.e4 c5 2.Cf3 e6 3.c3 Cf6 4.e5 Cd5 5.Fc4 d6 6.d4 cxd4 7.cxd4 Cb6 8.Fd3 
dxe5 9.dxe5 Ca6 10.De2 Cc5 11.Fc2 Cd5 12.O-O Fd7 13.Cc3 Cxc3 14.bxc3 Fe7 
15.Td1 Tc8 16.Cd4 O-O 17.Dh5 g6 18.Dh6 Te8 19.Cf3 Ff8 20.Dh3 Fg7 21.Fh6 
De7 22.Te1 Df8 23.Fxg7 Dxg7 24.Tad1 Fa4 25.Fxa4 Cxa4 26.Td7 Cc5 27.Td4 b6 
28.Dh4 h6 29.h3 Tc7 30.Ch2 h5 31.Cf3 Cd7 32.Df4 Cb8 33.Cg5 Cc6 34.Td6 Rh8 
35.Ted1 Tf8 36.Td7 Txd7 37.Txd7 Cxe5 38.Txa7 Rg8 39.Cxe6 Cd3 40.Dd2 1-0

[Event "Corsica Masters KO"]
[Site "Bastia FRA"]
[Date "2004.11.02"]
[Round "2.2"]
[White "Topalov, Veselin"]
[Black "Rublevsky, Sergei"]
[Result "0-1"]
[WhiteElo "2757"]
[BlackElo "2649"]
[EventDate "2004.11.02"]

1.e4 c5 2.Cf3 e6 3.d4 cxd4 4.Cxd4 Cc6 5.Cc3 a6 6.Cxc6 bxc6 7.Fd3 d5 8.O-O 
Dc7 9.Te1 Cf6 10.Df3 Fe7 11.Ff4 e5 12.Fd2 d4 13.Ca4 O-O 14.b3 Fe6 15.c3 c5
16.Tac1 Db8 17.De2 Db7 18.Cb2 Cd7 19.Fc4 Fxc4 20.Cxc4 Db5 21.Dd3 Tfd8 22.
Dg3 f6 23.f4 exf4 24.Fxf4 Cf8 25.Dg4 Cg6 26.Fg3 Dc6 27.h4 dxc3 28.Txc3 Ta7
29.h5 Cf8 30.e5 Td4 31.Dh3 Tad7 32.Rh2 Td1 33.Tce3 Txe1 34.Fxe1 Td5 35.Fc3
fxe5 36.Fxe5 Ff6 37.Df3 Cd7 38.Td3 Cb6 39.Fg3 De6 40.Te3 Df7 41.Cxb6 Txh5+
42.Rg1 Fd4 43.Dxf7+ Rxf7 44.Ff2 Fxe3 45.Fxe3 Re6 46.Rf2 Tf5+ 47.Re2 h5 48.
Rd3 Re5 0-1

[Event "XXII SuperGM"]
[Site "Linares ESP"]
[Date "2005.02.23"]
[Round "1"]
[White "Topalov, Veselin"]
[Black "Adams, Michael"]
[Result "1-0"]
[WhiteElo "2757"]
[BlackElo "2741"]
[EventDate "2005.02.23"]

1.d4 Cf6 2.c4 e6 3.Cc3 Fb4 4.Dc2 d5 5.a3 Fxc3+ 6.Dxc3 Ce4 7.Dc2 e5 8.e3 
exd4 9.cxd5 Dxd5 10.Cf3 Cd6 11.Cxd4 Fd7 12.f3 Cc6 13.Cxc6 Fxc6 14.a4 Dh5 
15.Fe2 Dh4+ 16.g3 Dh3 17.Rf2 O-O-O 18.Ta3 The8 19.Ff1 De6 20.Fe2 g5 21.Tf1
g4 22.fxg4 Dh6 23.Rg1 Dh3 24.Fd3 Ce4 25.Tf4 Cxg3 26.Tc3 Te6 27.e4 Ch5 28.
Fc4 Dh4 29.Fxe6+ fxe6 30.gxh5 Dxh5 31.Td3 Tg8+ 32.Tg3 Td8 33.Fe3 e5 34.Tf1
h6 35.b4 a6 36.b5 axb5 37.axb5 Fxb5 38.Tg7 c6 39.Da2 Fa6 40.De6+ Rb8 41.
Dd6+ 1-0

[Event "XXII SuperGM"]
[Site "Linares ESP"]
[Date "2005.02.24"]
[Round "2"]
[White "Anand, Viswanathan"]
[Black "Topalov, Veselin"]
[Result "1-0"]
[WhiteElo "2786"]
[BlackElo "2757"]
[EventDate "2005.02.23"]

1.e4 c5 2.Cf3 d6 3.d4 cxd4 4.Cxd4 Cf6 5.Cc3 a6 6.Fe3 e6 7.f3 b5 8.g4 h6 9.
Dd2 b4 10.Ca4 Cbd7 11.O-O-O Ce5 12.b3 d5 13.Ff4 Fd6 14.Fxe5 Fxe5 15.Cc6 
Dc7 16.Cxe5 Dxe5 17.Dxb4 dxe4 18.Cb6 Tb8 19.Rb1 Dc7 20.Da4+ Rf8 21.Cxc8 
Txc8 22.Dc4 Dxc4 23.Fxc4 a5 24.Fa6 Tb8 25.fxe4 h5 26.gxh5 Cxe4 27.Td4 Cf6 
28.Fe2 Cxh5 29.Th4 g6 30.Tg1 Re7 31.Ta4 Ta8 32.Ff3 Ta7 33.Tg5 f5 34.Txg6 
Rf7 35.Tg2 Cf6 36.Te2 Th3 37.Fh1 Cg4 38.Rb2 Rf6 39.Fg2 Txh2 40.Ff3 Txe2 
41.Fxe2 Ce3 42.c4 e5 43.c5 e4 44.b4 Tc7 45.bxa5 Txc5 46.a6 Cd5 47.a7 Cc7 
48.a8=D Cxa8 49.Txa8 f4 50.Tf8+ Re5 51.Fg4 f3 52.Tf5+ Rd4 53.Txc5 Rxc5 54.
Rc3 Rb5 55.Rd2 f2 56.Fe2+ Rb4 57.Rc2 Ra3 58.Rb1 e3 59.Ra1 1-0

[Event "XXII SuperGM"]
[Site "Linares ESP"]
[Date "2005.02.26"]
[Round "4"]
[White "Topalov, Veselin"]
[Black "Leko, Peter"]
[Result "1/2-1/2"]
[WhiteElo "2757"]
[BlackElo "2749"]
[EventDate "2005.02.23"]

1.e4 c5 2.Cf3 Cc6 3.d4 cxd4 4.Cxd4 Cf6 5.Cc3 e5 6.Cdb5 d6 7.Fg5 a6 8.Ca3 
b5 9.Cd5 Fe7 10.Fxf6 Fxf6 11.c3 O-O 12.Cc2 Fg5 13.a4 bxa4 14.Txa4 a5 15.
Fc4 Tb8 16.b3 Rh8 17.Cce3 g6 18.h4 Fxh4 19.g3 Fg5 20.f4 exf4 21.gxf4 Fh4+ 
22.Rd2 Ce7 23.Rc1 Cxd5 24.Cxd5 Fe6 25.Dd4+ Rg8 26.Ta2 Fxd5 27.Dxd5 Df6 28.
Dd2 Fg3 29.Tf1 h5 30.Txa5 Ta8 31.e5 Df5 32.Txa8 Txa8 33.Rb2 h4 34.Dxd6 Te8
35.Fb5 Tf8 36.Fd3 De6 37.Dd4 De7 38.Fc4 Rh7 39.b4 h3 40.Dd3 Dh4 41.f5 Ff4 
42.e6 fxe6 43.Dd7+ Rh6 44.fxe6 Fc1+ 45.Txc1 Dxc4 46.e7 Ta8 47.Dxh3+ Rg7 
48.e8=C+ Rg8 49.Cf6+ Rf7 50.Dd7+ Rxf6 51.Dd4+ Dxd4 52.cxd4 g5 53.Tc6+ Rf5 
54.b5 g4 55.Rb3 g3 56.Tc1 Re4 57.Tg1 1/2-1/2

[Event "XXII SuperGM"]
[Site "Linares ESP"]
[Date "2005.02.27"]
[Round "5"]
[White "Kasimdzhanov, Rustam"]
[Black "Topalov, Veselin"]
[Result "1/2-1/2"]
[WhiteElo "2678"]
[BlackElo "2757"]
[EventDate "2005.02.23"]

1.d4 Cf6 2.c4 g6 3.Cc3 Fg7 4.e4 d6 5.Cf3 O-O 6.Fe2 e5 7.O-O Ca6 8.Te1 De8 
9.Ff1 Fg4 10.d5 Cb4 11.Fe2 a5 12.Tb1 Ca6 13.Fg5 Fd7 14.Cd2 Rh8 15.Fxf6 
Fxf6 16.Fg4 Fg5 17.Fxd7 Dxd7 18.Cf3 Fh6 19.a3 Cc5 20.b4 axb4 21.axb4 Ca4 
22.Dd3 Cxc3 23.Dxc3 f5 24.c5 Db5 25.h4 fxe4 26.Txe4 Ta2 27.Tbe1 Da4 28.
cxd6 cxd6 29.Dc7 Dc2 30.Db6 Fg7 31.De3 b5 32.Tc1 Db2 33.Tf1 Ta1 34.Txa1 
Dxa1+ 35.Rh2 Db1 36.De2 h6 37.Tg4 h5 38.Te4 Fh6 39.Cg5 Fxg5 40.hxg5 Txf2 
1/2-1/2

[Event "XXII SuperGM"]
[Site "Linares ESP"]
[Date "2005.02.28"]
[Round "6"]
[White "Topalov, Veselin"]
[Black "Vallejo Pons, Francisco"]
[Result "1-0"]
[WhiteElo "2757"]
[BlackElo "2686"]
[EventDate "2005.02.23"]

1.e4 c5 2.Cf3 d6 3.d4 cxd4 4.Cxd4 Cf6 5.Cc3 a6 6.Fe3 e5 7.Cb3 Fe7 8.f3 Fe6
9.Dd2 O-O 10.O-O-O Cbd7 11.g4 b5 12.g5 b4 13.Ce2 Ce8 14.f4 a5 15.f5 a4 16.
fxe6 axb3 17.exf7+ Txf7 18.Rb1 bxc2+ 19.Rxc2 Cb6 20.Cc1 d5 21.exd5 Cd6 22.
Rb1 Tf3 23.h4 Ca4 24.De2 Tg3 25.Ff2 Tc3 26.Dxe5 Cxb2 27.Fd4 Ff8 28.Rxb2 
Tf3 29.Fd3 Rh8 30.De2 Tf4 31.Dh5 Cf5 32.g6 1-0

[Event "XXII SuperGM"]
[Site "Linares ESP"]
[Date "2005.03.02"]
[Round "7"]
[White "Kasparov, Garry"]
[Black "Topalov, Veselin"]
[Result "1/2-1/2"]
[WhiteElo "2804"]
[BlackElo "2757"]
[EventDate "2005.02.23"]

1.e4 e5 2.Cf3 Cc6 3.Fb5 a6 4.Fa4 Cf6 5.O-O Fe7 6.Te1 b5 7.Fb3 O-O 8.h3 Fb7
9.d3 d6 10.a3 Ca5 11.Fa2 c5 12.Cbd2 Cc6 13.Cf1 Fc8 14.c3 Fe6 15.Fxe6 fxe6 
16.Cg3 Cd7 17.Fe3 d5 18.exd5 exd5 19.a4 Tb8 20.axb5 axb5 21.b3 Ta8 1/2-1/2

[Event "XXII SuperGM"]
[Site "Linares ESP"]
[Date "2005.03.03"]
[Round "8"]
[White "Adams, Michael"]
[Black "Topalov, Veselin"]
[Result "1/2-1/2"]
[WhiteElo "2741"]
[BlackElo "2757"]
[EventDate "2005.02.23"]

1.e4 c5 2.Cf3 d6 3.d4 cxd4 4.Cxd4 Cf6 5.Cc3 a6 6.Fe3 e6 7.Fe2 Cbd7 8.g4 h6
9.f4 g6 10.h3 b5 11.Ff3 Fb7 12.e5 Fxf3 13.Dxf3 b4 14.Cc6 Dc8 15.Cxb4 dxe5 
16.Cd3 exf4 17.Fxf4 Fg7 18.Fd6 Ff8 19.Fxf8 Rxf8 20.Tf1 Rg7 21.h4 Tf8 22.g5
hxg5 23.hxg5 Ch7 24.De3 Dd8 25.Tg1 Db6 26.Dg3 Tac8 27.O-O-O Tc4 28.Tdf1 
Da5 29.Dd6 Dc7 30.Dxc7 Txc7 31.Ce4 Tc4 32.Tf4 Td4 33.b3 Td5 34.Rb2 a5 35.
Tg3 Ce5 36.Cdf2 f5 37.gxf6+ Cxf6 38.Cg5 Te8 39.Tg1 Ced7 40.Tf3 e5 41.Tfg3 
e4 42.Cgxe4 Cxe4 43.Txg6+ Rh7 44.Tg7+ Rh8 45.T7g4 Cef6 46.Th4+ Ch7 47.Ch3 
Tg8 48.Cf4 1/2-1/2